000 00655nam a2200241 a 4500
001 nice12345678
003 IN_TiNIC
005 20260116014440.0
008 050524s2000 newa grp 000 0 eng
020 _a0815629
_c575
082 0 0 _a303.66
_bACK
100 _aAckermann, Alice
245 _aMaking Peace Prevail
_b Preventing Violent Conflict in Macedonia
260 _aNew York
_bSyracuse University Press
_c2000
300 _a217p
500 _aincludes index and biblioraphy
505 2 _aBibliography, Index, Notes
650 _aPeace-Making
700 1 _aAckermann, Alice
902 _bSRC
942 _cBK
999 _c15375
_d15375